• 首页
  • 本馆介绍
  • 公告通知
  • 最新文献
  • 馆藏检索
  • 电子资源
  • 读者导购
  • 参考咨询
  • 我的图书馆
  • 登录
  • 详细信息显示
  • 放入我的书架
  • 预约/预借图书
  • 作者相关作品
  • 分类相关作品
  • 丛书相关作品
  • 出版社相关作品

书目信息

  • 表格格式
  • 工作单格式
  • 卡片格式
题名:
生活·创作·时作灵魂
    
 
作者: 丁玲 著
分册:  
出版信息: 长沙   湖南人民出版社  1981
页数: 280页
开本: 19cm
丛书名:
单 册:
中图分类: I267 , I206
科图分类:
主题词: 散文--中国--现代--选集 , 文学--中国
电子资源:
ISBN:
000 00633nam0 2200241 45
001 1552187200
005 20150128143326.65
010    @dCNY0.75
091    @a10109.1403
100    @a19950421d1981 em y0chiy0121 ea
101 0  @achi
102    @aCN@b430000
105    @ay z 000cy
200 10 @a生活·创作·时作灵魂@Asheng huo chuang zuo shi zuo ling hun@f丁玲著
210    @a长沙@c湖南人民出版社@d1981
215    @a280页@d19cm
606    @a散文@y中国@z现代@x选集
606 0  @a文学@x中国
690    @aI267@v3
690    @aI206@v4
701  0 @a丁玲@Ading ling@4著
801  0 @aCN@bTSSF@c20150128
905    @aZUCC@dI206@eJY49
    
    生活·创作·时作灵魂/丁玲著.-长沙:湖南人民出版社,1981
    280页;19cm
    
    
    ISBN :CNY0.75
    
●
相关链接 在E读中查询图书 在五车中查询图书 在当当中查询图书 在豆瓣中查询图书


正题名:生活·创作·时作灵魂     索取号:I206/JY49         预约/预借

序号 登录号 条形码 馆藏地/架位号 状态 备注
1 7837312   278373127   学院路分馆/ [索取号:I206/JY49] 在馆    
唐山师范学院图书馆 欢迎您!
大连网信软件有限公司© 版权所有